[Event "Lichtenberger Sommer 2019"]
[Site "Berlin"]
[Date "2019.08.22"]
[Round "6.85"]
[White "Mueller, Jörg René"]
[Black "Lange, Christoph"]
[Result "0-1"]
[WhiteElo "1590"]
[BlackElo "1306"]
[PlyCount "142"]
[EventDate "2019.??.??"]
[WhiteTeam "SC Zugzwang 95 (Berlin)"]
[BlackTeam "TSG Oberschöneweide"]

1. c4 e5 2. Nc3 Nf6 3. Nf3 Nc6 4. e3 d6 5. d4 exd4 6. Nxd4 Nxd4 7. Qxd4 Be6 8.
g3 d5 9. c5 c6 10. b4 b6 11. Rb1 b5 12. Bg2 Be7 13. O-O O-O 14. Rb2 Re8 15. f3
a6 16. Rbf2 Ra7 17. g4 h6 18. h3 Rf8 19. Ne2 Qc7 20. Bb2 Re8 21. f4 Bf8 22. g5
hxg5 23. fxg5 Nh7 24. h4 Qd7 25. Nf4 Bg4 26. Kh2 Rc7 27. Bf3 Bxf3 28. Rxf3 Re4
29. Qc3 Qg4 30. Ng6 Nxg5 31. hxg5 Qh5+ 32. Rh3 Qxg6 33. Rg1 Rce7 34. Qe1 Qf5
35. Bd4 Rxd4 36. Qe2 Qg6 37. a3 Rc4 38. Kh1 Qe4+ 39. Rf3 Qh4+ 40. Kg2 Qe4 41.
Kh1 Qh4+ 42. Kg2 Rg4+ 43. Kf1 Rxg1+ 44. Kxg1 Qxg5+ 45. Kf2 Re4 46. Ke1 d4 47.
Kd1 Rxe3 48. Qf1 Rxf3 49. Qxf3 Qe3 50. Qxc6 Qxa3 51. Qd7 Qb3+ 52. Ke2 Qe3+ 53.
Kf1 d3 54. c6 Qe2+ 55. Kg1 d2 56. c7 d1=Q+ 57. Qxd1 Qxd1+ 58. Kg2 Qc2+ 59. Kf3
Qxc7 60. Ke4 Qd6 61. Ke3 f5 62. Kf3 g5 63. Ke2 Qf4 64. Kd3 g4 65. Ke2 g3 66.
Ke1 g2 67. Ke2 g1=R 68. Kd3 Rg3+ 69. Ke2 Qh4 70. Kf2 Qh2+ 71. Kf1 Rg1# 0-1

[Event "Lichtenberger Sommer 2019"]
[Site "Berlin"]
[Date "2019.08.22"]
[Round "6.86"]
[White "Toth, Hans-Jürgen"]
[Black "Caglar, Erdal"]
[Result "0-1"]
[WhiteElo "1401"]
[BlackElo "1514"]
[PlyCount "132"]
[EventDate "2019.??.??"]
[WhiteTeam "SF Zehdenick"]
[BlackTeam "SW Lichtenrade"]

1. f4 d5 2. e3 Nf6 3. Nf3 c6 4. b3 Bg4 5. Be2 Nbd7 6. Bb2 e6 7. O-O Be7 8. d4
Ne4 9. Nbd2 Ndf6 10. Ne5 Bxe2 11. Qxe2 Nxd2 12. Qxd2 Ne4 13. Qe2 f6 14. Nd3 O-O
15. a4 Rc8 16. Nf2 f5 17. Nxe4 fxe4 18. c4 Qb6 19. Qc2 a5 20. c5 Qa6 21. Ba3 b5
22. b4 Bd8 23. Rab1 axb4 24. Bxb4 Qxa4 25. Qxa4 bxa4 26. Ra1 Ra8 27. Ra2 Rf7
28. Rfa1 Rfa7 29. g4 g5 30. f5 exf5 31. gxf5 h5 32. h3 Kf7 33. Kg2 Kf6 34. Be1
Kxf5 35. Bg3 Kg6 36. Rf1 Rf7 37. Rb1 Bc7 38. Bxc7 Rxc7 39. Rb6 Kf5 40. Rb4 Rca7
41. Rb6 Rc7 42. Rb4 Ke6 43. Rbxa4 Rxa4 44. Rxa4 Rb7 45. Ra6 Kd7 46. Ra2 h4 47.
Kh2 Kc8 48. Kg2 Rb3 49. Kf2 Kb7 50. Re2 Rb4 51. Kf1 Rb5 52. Kg1 Rb3 53. Kf1 Ka6
54. Re1 Kb5 55. Ke2 Rb2+ 56. Kf1 Kc4 57. Ra1 Rh2 58. Ra6 Kd3 59. Rxc6 Rxh3 60.
Ra6 Rf3+ 61. Kg1 g4 62. c6 Rf7 63. Rb6 Rc7 64. Kg2 Kxe3 65. Ra6 Kxd4 66. Ra8
Rxc6 0-1

[Event "Lichtenberger Sommer 2019"]
[Site "Berlin"]
[Date "2019.08.22"]
[Round "6.87"]
[White "Motsch, Sebastian"]
[Black "Koerber, Bernhard"]
[Result "1-0"]
[WhiteElo "1275"]
[BlackElo "1488"]
[PlyCount "75"]
[EventDate "2019.??.??"]
[BlackTeam "Lasker Steglitz-Wilmersdorf"]

1. e4 e6 2. d4 d5 3. Nc3 Bb4 4. e5 c5 5. a3 Bxc3+ 6. bxc3 Ne7 7. Nf3 Nbc6 8.
Bb5 Bd7 9. O-O c4 10. Ng5 Nf5 11. Qg4 a6 12. Bxc6 Bxc6 13. f4 Qe7 14. Bd2 f6
15. Nf3 O-O 16. Nh4 Nh6 17. Qh3 f5 18. Nf3 Nf7 19. Be1 Ba4 20. Bh4 Qc7 21. Rf2
Qa5 22. Ng5 Nxg5 23. Bxg5 g6 24. Re1 Qb5 25. Qh6 Rf7 26. h4 Re8 27. Kh2 Qb2 28.
Re3 Qxa3 29. Rh3 Qf8 30. h5 Qxh6 31. Bxh6 Bc6 32. hxg6 hxg6 33. Rff3 Rh7 34.
Rfg3 Kf7 35. Bg5 Reh8 36. Bf6 Rxh3+ 37. gxh3 a5 38. Bxh8 1-0

[Event "Lichtenberger Sommer 2019"]
[Site "Berlin"]
[Date "2019.08.22"]
[Round "6.89"]
[White "Kultscher, Christian"]
[Black "Ettel, Ralf"]
[Result "0-1"]
[WhiteElo "1366"]
[BlackElo "1471"]
[PlyCount "60"]
[EventDate "2019.??.??"]
[WhiteTeam "1. SC Anhalt"]
[BlackTeam "SK König Tegel"]

1. c4 Nf6 2. Nc3 e6 3. e4 d6 4. d4 Nc6 5. Nf3 Be7 6. Bg5 e5 7. dxe5 Nxe5 8.
Nxe5 dxe5 9. Nd5 Nxd5 10. Bxe7 Nxe7 11. Qxd8+ Kxd8 12. Rd1+ Bd7 13. g3 Ke8 14.
Be2 Bh3 15. f3 Nc6 16. g4 Nd4 17. Kf2 h5 18. Rhg1 hxg4 19. fxg4 Ke7 20. Rd3 Rh4
21. Bd1 Rah8 22. b4 R8h6 23. a4 g5 24. b5 Rf6+ 25. Ke1 Rf4 26. Rdg3 Rxe4+ 27.
Kd2 Rf4 28. Ke3 Bf1 29. c5 Rxh2 30. Bf3 Nc2# 0-1

[Event "Lichtenberger Sommer 2019"]
[Site "Berlin"]
[Date "2019.08.22"]
[Round "6.90"]
[White "Eichstädt, Torsten"]
[Black "Dittrich, Hans-Jürgen"]
[Result "1-0"]
[WhiteElo "1401"]
[BlackElo "1284"]
[PlyCount "85"]
[EventDate "2019.??.??"]
[WhiteTeam "SG NARVA Berlin"]
[BlackTeam "SC Eintracht Berlin"]

1. e4 e5 2. Nf3 Nf6 3. Nxe5 Qe7 4. Nd3 Nxe4 5. Be2 Nc6 6. c3 g6 7. O-O Bg7 8.
Bf3 f5 9. Re1 O-O 10. b3 d6 11. Nb2 Qf6 12. d4 d5 13. Bf4 Qd8 14. Qd3 Kh8 15.
Bxe4 fxe4 16. Qg3 Bf5 17. Na3 a6 18. Nc2 Rc8 19. Ne3 Ne7 20. Na4 b6 21. Rad1
Ng8 22. Be5 Qd7 23. Bxg7+ Qxg7 24. Nxd5 Nf6 25. Nf4 Rfe8 26. Re3 Re7 27. Nb2
Ng4 28. Re2 Nf6 29. Rde1 Rd8 30. Nc4 g5 31. Nh3 Qh6 32. Ne5 Bxh3 33. gxh3 Qh4
34. Nc6 Qxg3+ 35. hxg3 Rdd7 36. Nxe7 Rxe7 37. f3 h5 38. fxe4 Kg7 39. c4 c6 40.
e5 Nd7 41. Rf1 a5 42. Ref2 Kg8 43. Rf5 1-0

[Event "Lichtenberger Sommer 2019"]
[Site "Berlin"]
[Date "2019.08.22"]
[Round "6.91"]
[White "Geiß, Anne"]
[Black "Fontaine, Constantin"]
[Result "1/2-1/2"]
[WhiteElo "1393"]
[BlackElo "1498"]
[PlyCount "66"]
[EventDate "2019.??.??"]
[WhiteTeam "Schachpinguine Berlin"]
[BlackTeam "SK Tempelhof 1931"]

1. e4 c5 2. Nf3 Nc6 3. Bb5 a6 4. Bxc6 dxc6 5. h3 g6 6. d3 Bg7 7. O-O Be6 8. Na3
b5 9. Ng5 Bd7 10. c3 b4 11. Nb1 f5 12. Be3 bxc3 13. Nxc3 e5 14. Bxc5 Qxg5 15.
Qb3 f4 16. Qb7 Rc8 17. f3 Bxh3 18. Rf2 Bd7 19. Na4 Qd8 20. Bd6 Qf6 21. Bc5 Bf8
22. Nb6 Rd8 23. Bxf8 Qxf8 24. Nxd7 Rxd7 25. Qxc6 Qd6 26. Qc8+ Rd8 27. Qb7 Qxd3
28. Qg7 Qe3 29. Qxh8 Kf8 30. Qxe5 Rd2 31. Raf1 Rxf2 32. Qd6+ Kg7 33. Qe5+ Kh6
1/2-1/2

[Event "Lichtenberger Sommer 2019"]
[Site "Berlin"]
[Date "2019.08.23"]
[Round "7.1"]
[White "Stern, René"]
[Black "Barseghyan, Armen Ar"]
[Result "1/2-1/2"]
[WhiteElo "2515"]
[BlackElo "2313"]
[PlyCount "33"]
[EventDate "2019.??.??"]
[WhiteTeam "SK König Tegel"]

1. Nf3 c5 2. c4 Nf6 3. Nc3 g6 4. e4 d6 5. d4 cxd4 6. Nxd4 Nc6 7. Be2 Nxd4 8.
Qxd4 Bg7 9. Be3 O-O 10. Qd2 a5 11. f3 a4 12. Rb1 Qa5 13. Kf2 Qe5 14. Bf4 Qc5+
15. Be3 Qe5 16. Bf4 Qc5+ 17. Be3 1/2-1/2

[Event "Lichtenberger Sommer 2019"]
[Site "Berlin"]
[Date "2019.08.23"]
[Round "7.2"]
[White "Petersen, Soren Boeck"]
[Black "Ahmadinia, Ebrahim"]
[Result "0-1"]
[WhiteElo "2218"]
[BlackElo "2453"]
[PlyCount "54"]
[EventDate "2019.??.??"]
[WhiteTeam "Damhus Skakklub"]
[BlackTeam "SF 1903 Berlin"]

1. e4 d6 2. d4 Nf6 3. Nc3 g6 4. Nf3 Bg7 5. Be3 c6 6. h3 O-O 7. Be2 b5 8. a3 Qc7
9. O-O Nbd7 10. Qd2 Bb7 11. Rfd1 a6 12. Bf4 e5 13. Bh2 Rfe8 14. dxe5 dxe5 15.
Qe3 Nh5 16. Ng5 Nf4 17. g3 Nxe2+ 18. Qxe2 Nf8 19. Rd3 Qe7 20. Nf3 Ne6 21. Rad1
Nd4 22. Qd2 c5 23. Ne1 c4 24. Re3 Rad8 25. Qc1 Qe6 26. Nd5 Bxd5 27. exd5 Qxd5
0-1

[Event "Lichtenberger Sommer 2019"]
[Site "Berlin"]
[Date "2019.08.23"]
[Round "7.3"]
[White "Ortmann, David"]
[Black "Hesse, Henrik"]
[Result "1-0"]
[WhiteElo "2340"]
[BlackElo "2185"]
[PlyCount "105"]
[EventDate "2019.??.??"]
[WhiteTeam "SC Böblingen"]
[BlackTeam "SV Mattnetz Berlin"]

1. d4 Nf6 2. c4 g6 3. Nc3 Bg7 4. e4 d6 5. Nf3 O-O 6. Be2 e5 7. O-O Nc6 8. dxe5
dxe5 9. Bg5 Qxd1 10. Rfxd1 Bg4 11. Rd3 h6 12. Be3 Rfd8 13. Rad1 Rxd3 14. Rxd3
a6 15. h3 Bxf3 16. Bxf3 Ne8 17. Rd7 Rd8 18. Bg4 h5 19. Rxd8 Nxd8 20. Bd7 Nd6
21. b3 Kf8 22. c5 Ne8 23. Bc8 c6 24. Na4 Nc7 25. Nb6 Nb5 26. f3 Na7 27. Bd7 Ke7
28. a4 Ne6 29. Bxe6 Kxe6 30. Nc4 Bf6 31. Nd6 Bd8 32. Nxb7 Bc7 33. Kf1 Nc8 34.
Ke2 Ne7 35. Kd3 Ng8 36. Bd2 f5 37. Bg5 Kd7 38. Kc4 fxe4 39. fxe4 Ne7 40. Bxe7
Kxe7 41. b4 Kf6 42. b5 axb5+ 43. axb5 cxb5+ 44. Kxb5 Kg5 45. Kc6 Bb8 46. Nd6
Ba7 47. Kd5 Kf4 48. Nf7 Bxc5 49. Nxe5 Ba3 50. Nxg6+ Kg3 51. Ke6 h4 52. Kf5 Kxg2
53. Kg4 1-0

[Event "Lichtenberger Sommer 2019"]
[Site "Berlin"]
[Date "2019.08.23"]
[Round "7.4"]
[White "Rosmann, Ilja"]
[Black "Meyer-Dunker, Paul"]
[Result "0-1"]
[WhiteElo "2323"]
[BlackElo "2064"]
[PlyCount "52"]
[EventDate "2019.??.??"]
[WhiteTeam "Königsspringer SC 1984"]
[BlackTeam "TSG Oberschöneweide"]

1. e4 e5 2. Nf3 Nc6 3. Bb5 f5 4. d3 fxe4 5. dxe4 Nf6 6. O-O d6 7. a4 Be7 8. Nc3
O-O 9. h3 Qe8 10. Nd5 Bd8 11. Re1 Kh8 12. Ra3 Qg6 13. Bg5 Bxh3 14. gxh3 h6 15.
h4 hxg5 16. Nxg5 Nh5 17. Qg4 Nd4 18. Bc4 Nxc2 19. Ree3 Nxa3 20. Rxa3 c6 21. Ne3
d5 22. exd5 Rf4 23. Qe6 Qb1+ 24. Kg2 Bxg5 25. Bd3 Qxb2 26. Nd1 Rxf2+ 0-1

[Event "Lichtenberger Sommer 2019"]
[Site "Berlin"]
[Date "2019.08.23"]
[Round "7.5"]
[White "Neffe, Axel"]
[Black "Syre, Christian"]
[Result "1-0"]
[WhiteElo "2198"]
[BlackElo "2198"]
[PlyCount "71"]
[EventDate "2019.??.??"]
[WhiteTeam "SF Hamburg"]

1. e4 d6 2. d4 g6 3. Nc3 c6 4. f4 d5 5. Be2 dxe4 6. Nxe4 Bg7 7. c3 Nd7 8. Nf3
Ndf6 9. Nc5 Nh6 10. O-O O-O 11. Ne5 Nd5 12. Bc4 f6 13. Nf3 b6 14. Nd3 Be6 15.
Re1 Bf7 16. Bb3 Nf5 17. Qe2 Qd7 18. g4 Nd6 19. Qg2 Rac8 20. Bd2 Nc7 21. Bxf7+
Rxf7 22. Rad1 Na6 23. h3 c5 24. Bc1 Qb7 25. Nf2 Qc6 26. h4 Qa4 27. a3 Nc7 28.
h5 Bf8 29. hxg6 hxg6 30. Nh4 Rg7 31. g5 f5 32. dxc5 bxc5 33. Nd3 Ne4 34. Ne5
Qa6 35. Rxe4 fxe4 36. Qxe4 1-0

[Event "Lichtenberger Sommer 2019"]
[Site "Berlin"]
[Date "2019.08.23"]
[Round "7.6"]
[White "Thinius, Marco"]
[Black "Seitz, Patrick"]
[Result "1/2-1/2"]
[WhiteElo "2404"]
[BlackElo "2130"]
[PlyCount "102"]
[EventDate "2019.??.??"]
[WhiteTeam "SV Empor Berlin"]
[BlackTeam "SC Böblingen"]

1. Nf3 Nf6 2. c4 g6 3. Nc3 Bg7 4. e4 d6 5. d4 O-O 6. Be2 e5 7. Be3 Nc6 8. d5
Ne7 9. Nd2 Ne8 10. b4 f5 11. f3 f4 12. Bf2 g5 13. c5 Ng6 14. Nc4 Nh4 15. Rg1
Rf7 16. a4 Ng6 17. a5 Bf8 18. Qa4 Bd7 19. c6 bxc6 20. dxc6 Be6 21. O-O-O a6 22.
Nb2 Nf6 23. Bc4 Bxc4 24. Nxc4 Qe8 25. Nd5 Rb8 26. Na3 Bg7 27. Rge1 Kh8 28. Re2
g4 29. Nb1 Qc8 30. Qb3 Nxd5 31. Qxd5 Qe8 32. Qc4 gxf3 33. gxf3 Ne7 34. Rc2 Bf6
35. Be1 d5 36. exd5 Nf5 37. Bf2 Be7 38. Rb2 Ne3 39. Bxe3 fxe3 40. Nc3 Rxf3 41.
Qe4 Qf7 42. Ne2 Qf5 43. Qxf5 Rxf5 44. Kc2 Rxb4 45. Rxb4 Bxb4 46. Kd3 Bxa5 47.
Ra1 Bb4 48. Rxa6 Rf2 49. Ra4 Bc5 50. Rc4 Bb6 51. Rb4 Bc5 1/2-1/2

[Event "Lichtenberger Sommer 2019"]
[Site "Berlin"]
[Date "2019.08.23"]
[Round "7.7"]
[White "Krefenstein, Sergej"]
[Black "Figura, Atila Gajo"]
[Result "1-0"]
[WhiteElo "2125"]
[BlackElo "2394"]
[PlyCount "51"]
[EventDate "2019.??.??"]
[WhiteTeam "BSC Rehberge"]
[BlackTeam "SK Zehlendorf"]

1. e4 c5 2. Nf3 e6 3. d4 cxd4 4. Nxd4 a6 5. Bd3 Bc5 6. Nb3 Be7 7. Qg4 g6 8. O-O
d6 9. c4 h5 10. Qe2 Nd7 11. f4 h4 12. Nc3 b6 13. Be3 Bb7 14. a4 Nc5 15. Nxc5
bxc5 16. f5 gxf5 17. exf5 Nf6 18. fxe6 fxe6 19. Bg5 Kd7 20. Rae1 e5 21. Bxf6
Bxf6 22. Be4 Bxe4 23. Qxe4 Rf8 24. Qb7+ Ke6 25. Nd5 Rb8 26. Nf4+ 1-0

[Event "Lichtenberger Sommer 2019"]
[Site "Berlin"]
[Date "2019.08.23"]
[Round "7.8"]
[White "Nohr, Jonas"]
[Black "Zeitz, Philip"]
[Result "1/2-1/2"]
[WhiteElo "2126"]
[BlackElo "2170"]
[PlyCount "28"]
[EventDate "2019.??.??"]
[WhiteTeam "Königsjäger Süd-West"]
[BlackTeam "SC Kreuzberg"]

1. c4 c6 2. Nc3 d5 3. cxd5 cxd5 4. d4 Nf6 5. Nf3 Nc6 6. Bf4 Bf5 7. e3 e6 8. Bd3
Bxd3 9. Qxd3 Bb4 10. O-O O-O 11. Rac1 Rc8 12. Bg5 Be7 13. a3 Na5 14. Ne5 h6
1/2-1/2

[Event "Lichtenberger Sommer 2019"]
[Site "Berlin"]
[Date "2019.08.23"]
[Round "7.9"]
[White "Mertens, Fridolin"]
[Black "Wierzbicki, Jirawat"]
[Result "1/2-1/2"]
[WhiteElo "2113"]
[BlackElo "2160"]
[PlyCount "114"]
[EventDate "2019.??.??"]
[WhiteTeam "SG 1871 Löberitz"]
[BlackTeam "SK König Tegel"]

1. e4 e5 2. Nf3 Nc6 3. Bc4 Nf6 4. d3 Be7 5. O-O O-O 6. Re1 d6 7. a4 h6 8. a5 a6
9. c3 Nh7 10. Nbd2 Ng5 11. h3 Be6 12. Bxe6 fxe6 13. d4 exd4 14. cxd4 Bf6 15.
Nxg5 Bxg5 16. Nf3 Bxc1 17. Qxc1 Rxf3 18. gxf3 Nxd4 19. Ra3 Qf6 20. f4 Rf8 21.
Qd2 c5 22. e5 dxe5 23. Rxe5 Rd8 24. Qd1 Nc6 25. Qh5 Nxe5 26. fxe5 Qf7 27. Qxf7+
Kxf7 28. Rb3 Rd7 29. Rc3 Rc7 30. Rc4 Kg6 31. b4 Kf5 32. f4 g5 33. fxg5 hxg5 34.
bxc5 Kxe5 35. Rg4 Kf5 36. Rc4 e5 37. Kf2 Rc6 38. Kf3 Rh6 39. Kg3 Rh4 40. Rc1
Ra4 41. Rf1+ Ke4 42. Rb1 Rxa5 43. Rxb7 Rxc5 44. Kg4 Ke3 45. Kxg5 e4+ 46. Kg4
Rb5 47. Ra7 a5 48. h4 Ke2 49. h5 e3 50. h6 Kf2 51. h7 Rb8 52. Rxa5 Rh8 53. Rf5+
Ke1 54. Re5 e2 55. Re7 Kf1 56. Rf7+ Kg2 57. Re7 Rxh7 1/2-1/2

[Event "Lichtenberger Sommer 2019"]
[Site "Berlin"]
[Date "2019.08.23"]
[Round "7.10"]
[White "Tschernatsch, Johannes"]
[Black "Dathe, Frederick"]
[Result "1/2-1/2"]
[WhiteElo "2155"]
[BlackElo "2110"]
[PlyCount "80"]
[EventDate "2019.??.??"]
[WhiteTeam "SC Empor Potsdam"]
[BlackTeam "SC Kreuzberg"]

1. e4 c5 2. Nf3 Nc6 3. d4 cxd4 4. Nxd4 g6 5. c4 Bg7 6. Be3 d6 7. Nc3 Nf6 8. Be2
Bd7 9. O-O O-O 10. f4 Nxd4 11. Bxd4 Bc6 12. Qd3 a5 13. Kh1 Nd7 14. Rad1 Bxd4
15. Qxd4 Qb6 16. Qd2 a4 17. f5 f6 18. fxg6 hxg6 19. Qh6 Ne5 20. Bg4 Kf7 21. Nd5
Rh8 22. Qf4 Bxd5 23. cxd5 Kg7 24. Be6 g5 25. Qf2 Qxf2 26. Rxf2 Ra5 27. Rc2 Rc5
28. Rxc5 dxc5 29. d6 Rd8 30. d7 c4 31. Rd5 a3 32. bxa3 c3 33. h3 Nxd7 34. Bxd7
Rxd7 35. Rc5 c2 36. Rxc2 Kf7 37. Rb2 Ke6 38. Rb5 Rd3 39. Rb3 Rd7 40. Kh2 Ke5
1/2-1/2

[Event "Lichtenberger Sommer 2019"]
[Site "Berlin"]
[Date "2019.08.23"]
[Round "7.11"]
[White "Simon, Ralf-Axel"]
[Black "Braeunlin, Herbert"]
[Result "1/2-1/2"]
[WhiteElo "2131"]
[BlackElo "2091"]
[PlyCount "75"]
[EventDate "2019.??.??"]
[WhiteTeam "SF Hannover"]

1. Nf3 c5 2. c4 d6 3. d4 cxd4 4. Nxd4 g6 5. e4 Bg7 6. Nc3 Nc6 7. Be3 Nf6 8. f3
Bd7 9. Qd2 h5 10. Be2 Rc8 11. Ndb5 a6 12. Na3 Be6 13. Nd5 Nd7 14. O-O Qa5 15.
Rfd1 Bxd5 16. exd5 Qxd2 17. Rxd2 Nce5 18. f4 Ng4 19. Bxg4 hxg4 20. Re1 O-O 21.
Bd4 Bxd4+ 22. Rxd4 Rfe8 23. Rde4 Kf8 24. Kf2 f5 25. R4e2 Nc5 26. Ke3 e5 27.
dxe6 Rxe6+ 28. Kd4 Re4+ 29. Rxe4 Nxe4 30. Nc2 b5 31. Ne3 Kf7 32. b3 bxc4 33.
bxc4 Rb8 34. Re2 Rb1 35. Kd3 g3 36. hxg3 Nxg3 37. Rc2 Ne4 38. Nd5 1/2-1/2

[Event "Lichtenberger Sommer 2019"]
[Site "Berlin"]
[Date "2019.08.23"]
[Round "7.12"]
[White "Fuchs, Dominik"]
[Black "George, Tom"]
[Result "1/2-1/2"]
[WhiteElo "1887"]
[BlackElo "2210"]
[PlyCount "39"]
[EventDate "2019.??.??"]
[WhiteTeam "SC Zitadelle Spandau"]
[BlackTeam "SG Stadtilm"]

1. e4 e5 2. Nf3 Nc6 3. Bb5 a6 4. Ba4 d6 5. Bxc6+ bxc6 6. d4 exd4 7. Nxd4 c5 8.
Nf3 Nf6 9. Nc3 Be7 10. O-O O-O 11. Bf4 Rb8 12. b3 Bb7 13. Re1 Qd7 14. Qd3 Qg4
15. Bg3 Nd7 16. Nd5 Bxd5 17. Qxd5 Rb6 18. Rad1 Qe6 19. Qd2 Bf6 20. Re2 1/2-1/2

[Event "Lichtenberger Sommer 2019"]
[Site "Berlin"]
[Date "2019.08.23"]
[Round "7.13"]
[White "Püschel, Werner"]
[Black "Nötzel, Felix"]
[Result "1-0"]
[WhiteElo "2012"]
[BlackElo "2262"]
[PlyCount "147"]
[EventDate "2019.??.??"]
[WhiteTeam "SV Briesen"]
[BlackTeam "SF 1903 Berlin"]

1. f4 e5 2. fxe5 d6 3. exd6 Bxd6 4. Nf3 Nf6 5. Nc3 Ng4 6. d4 Nxh2 7. Ne4 Ng4 8.
Bg5 f6 9. Bh4 Bf5 10. Nxd6+ Qxd6 11. Qd2 Nc6 12. c3 g5 13. Bf2 O-O-O 14. e3
Rhe8 15. Bd3 Qe6 16. O-O Bxd3 17. Qxd3 Nxf2 18. Kxf2 h5 19. b3 h4 20. Rae1 Qg4
21. Nh2 Qg3+ 22. Kg1 Kb8 23. Re2 Re6 24. Rf3 Qd6 25. Qh7 Rde8 26. Ng4 Ne7 27.
e4 Nd5 28. e5 fxe5 29. Nxe5 Nf4 30. Nd7+ Kc8 31. Rxe6 Qxe6 32. Ne5 c5 33. Kh2
Re7 34. Qc2 Kb8 35. Qe4 Qd6 36. Qf5 Ng6 37. Qxg5 Nxe5 38. dxe5 Qxe5+ 39. Qxe5+
Rxe5 40. Rf4 Re2 41. a4 a5 42. b4 Rc2 43. Rxh4 Rxc3 44. bxa5 Kc7 45. Rf4 Rc2
46. Kh3 c4 47. g4 Kd6 48. g5 Ke5 49. Rf7 Rb2 50. g6 Ke6 51. Rf4 Rb3+ 52. Kg4
Rb1 53. Rxc4 Kf6 54. a6 bxa6 55. Rc6+ Kg7 56. Rxa6 Ra1 57. Kf5 Rf1+ 58. Ke5
Re1+ 59. Kd5 Rd1+ 60. Kc5 Rc1+ 61. Kb5 Rb1+ 62. Ka5 Ra1 63. Rc6 Rb1 64. Ka6 Rb2
65. a5 Rb1 66. Ka7 Rb2 67. a6 Rb1 68. Rb6 Re1 69. Kb7 Re7+ 70. Kc8 Kf8 71. Rf6+
Kg8 72. Kb8 Re8+ 73. Kb7 Kg7 74. Rc6 1-0

[Event "Lichtenberger Sommer 2019"]
[Site "Berlin"]
[Date "2019.08.23"]
[Round "7.14"]
[White "Möller, Dustin"]
[Black "Kapr, Klaus"]
[Result "1-0"]
[WhiteElo "2178"]
[BlackElo "2031"]
[PlyCount "27"]
[EventDate "2019.??.??"]
[WhiteTeam "Eckernförder SC"]
[BlackTeam "SC Friesen Lichtenberg"]

1. d4 d5 2. Nf3 Nf6 3. c4 c6 4. Nbd2 e6 5. e3 Bd6 6. Bd3 Nbd7 7. O-O O-O 8. e4
dxe4 9. Nxe4 Nxe4 10. Bxe4 Nf6 11. Bc2 b6 12. Bg5 c5 13. Qd3 g6 14. dxc5 1-0

[Event "Lichtenberger Sommer 2019"]
[Site "Berlin"]
[Date "2019.08.23"]
[Round "7.15"]
[White "Zühlke, Burkhard"]
[Black "Kohler, Thomas"]
[Result "0-1"]
[WhiteElo "2009"]
[BlackElo "2178"]
[PlyCount "68"]
[EventDate "2019.??.??"]
[WhiteTeam "SGem Fürth"]
[BlackTeam "SC Zitadelle Spandau"]

1. d4 d6 2. c4 e5 3. Nc3 exd4 4. Qxd4 Nf6 5. b3 Nc6 6. Qd2 a5 7. Bb2 a4 8. Rd1
axb3 9. axb3 Be7 10. e4 O-O 11. Nf3 Re8 12. Be2 Nd7 13. Nd5 Nc5 14. Qc2 Bf8 15.
O-O Be6 16. Nd2 Na6 17. Rfe1 Ncb8 18. Nf4 Bc8 19. Nh5 Nd7 20. f4 f6 21. Qc3
Nac5 22. Qg3 Ra2 23. Rb1 Nxe4 24. Nxe4 Rxe4 25. Bd3 Rxe1+ 26. Qxe1 Nc5 27. Bc2
Bg4 28. Nxf6+ gxf6 29. Qh4 Qd7 30. h3 Bf5 31. Qxf6 Bg7 32. Qg5 Bxc2 33. Re1 Ne4
34. Qd5+ Qf7 0-1

[Event "Lichtenberger Sommer 2019"]
[Site "Berlin"]
[Date "2019.08.23"]
[Round "7.16"]
[White "Hermannsdörfer, Frank"]
[Black "Keusch, Horst"]
[Result "1/2-1/2"]
[WhiteElo "2177"]
[BlackElo "2001"]
[PlyCount "54"]
[EventDate "2019.??.??"]
[WhiteTeam "SV Liebschwitz"]
[BlackTeam "SC Friesen Lichtenberg"]

1. c4 f5 2. Nc3 Nf6 3. d4 g6 4. h4 h6 5. Nh3 d6 6. Nf4 Rg8 7. d5 c6 8. e3 Na6
9. Be2 Nc7 10. Qb3 e5 11. dxe6 Qe7 12. Bd2 Nxe6 13. Nxe6 Bxe6 14. Qa4 Ne4 15.
Nxe4 fxe4 16. Qc2 Bd7 17. O-O-O O-O-O 18. Bb4 c5 19. Bc3 Bc6 20. h5 g5 21. Bg4+
Kc7 22. Bf5 Bg7 23. Rd2 Bxc3 24. Qxc3 Rgf8 25. Bg4 b6 26. Rhd1 a5 27. a3 Qf6
1/2-1/2

[Event "Lichtenberger Sommer 2019"]
[Site "Berlin"]
[Date "2019.08.23"]
[Round "7.17"]
[White "Amelang, Thomas"]
[Black "Jachym, Adam"]
[Result "0-1"]
[WhiteElo "2165"]
[BlackElo "1994"]
[PlyCount "120"]
[EventDate "2019.??.??"]
[WhiteTeam "Münchener SC"]
[BlackTeam "OKSZ Spolem Opole"]

1. e4 e5 2. Nf3 Nc6 3. Bb5 Nf6 4. d3 d6 5. c3 a6 6. Ba4 h6 7. O-O b5 8. Bb3 g5
9. Re1 Qe7 10. a4 b4 11. cxb4 Nxb4 12. Nc3 Rb8 13. a5 Bd7 14. Bc4 c5 15. Nd5
Nfxd5 16. exd5 Bg7 17. Bd2 g4 18. Bxb4 Rxb4 19. Nd2 Bc8 20. b3 O-O 21. Qe2 Qg5
22. f3 g3 23. hxg3 Qxg3 24. Qf2 Qg6 25. Nf1 f5 26. Ne3 Kh8 27. Nc2 Rb8 28. Rab1
Bf6 29. b4 cxb4 30. Rxb4 Rxb4 31. Nxb4 Rg8 32. Re2 Qh5 33. Kf1 Bh4 34. Qg1 Bg3
35. Nc6 Rg7 36. Rb2 Qg5 37. Ke2 Bb7 38. Kd1 Bf4 39. Qb6 Qh5 40. Qf2 Bc1 41. Re2
Ba3 42. Kc2 Qh1 43. Kb3 Bc5 44. d4 Qd1+ 45. Rc2 exd4 46. Qd2 Qxd2 47. Rxd2 Bc8
48. Re2 Kh7 49. Bd3 Rb7+ 50. Kc2 Ba3 51. Re7+ Kg6 52. Rxb7 Bxb7 53. Kb3 Bc1 54.
g4 Kg5 55. Bxf5 h5 56. Be6 h4 57. Nxd4 h3 58. f4+ Kxf4 59. g5 h2 60. g6 h1=Q
0-1

[Event "Lichtenberger Sommer 2019"]
[Site "Berlin"]
[Date "2019.08.23"]
[Round "7.18"]
[White "Hillmann, Michael"]
[Black "Schabe, Felix"]
[Result "1-0"]
[WhiteElo "2138"]
[BlackElo "1984"]
[PlyCount "69"]
[EventDate "2019.??.??"]
[WhiteTeam "SV Sangerhausen"]
[BlackTeam "SV Empor Berlin"]

1. d4 d6 2. Nf3 g6 3. c4 Bg7 4. g3 Nf6 5. Bg2 O-O 6. O-O Bg4 7. h3 Bxf3 8. Bxf3
Qc8 9. Bg2 c5 10. dxc5 dxc5 11. Qb3 Nc6 12. Be3 Nd4 13. Bxd4 cxd4 14. Nd2 Rb8
15. Qa3 a6 16. Qxe7 Re8 17. Qd6 Rxe2 18. Rfd1 Qe8 19. Bf3 Re6 20. Qxd4 Ne4 21.
Qa7 Ra8 22. Qxb7 Re7 23. Qxe4 Rxe4 24. Nxe4 Rb8 25. Rd3 Qe6 26. Nd6 Qxh3 27.
Bd5 Rf8 28. Nxf7 Rxf7 29. Rf3 Bd4 30. Re1 Kg7 31. Rxf7+ Kh6 32. Rf3 Bxb2 33.
Re4 Kg5 34. Rh4 Qd7 35. Rf7 1-0

[Event "Lichtenberger Sommer 2019"]
[Site "Berlin"]
[Date "2019.08.23"]
[Round "7.19"]
[White "Nöldner, Julian"]
[Black "Brümmel, Arend"]
[Result "1-0"]
[WhiteElo "1975"]
[BlackElo "2129"]
[PlyCount "41"]
[EventDate "2019.??.??"]
[WhiteTeam "SV Empor Berlin"]
[BlackTeam "Stader SV"]

1. e4 Nf6 2. e5 Nd5 3. d4 d6 4. c4 Nb6 5. exd6 exd6 6. Nc3 Be7 7. Bd3 Nc6 8.
Nge2 Bg4 9. Be3 Bf6 10. f3 Bh4+ 11. g3 Bxf3 12. O-O Bxe2 13. Qxe2 Be7 14. c5
Nd7 15. cxd6 cxd6 16. Qg4 h5 17. Qf3 Nf6 18. Nd5 Qa5 19. Bb5 Rc8 20. Qf5 Kd8
21. Bxc6 1-0

[Event "Lichtenberger Sommer 2019"]
[Site "Berlin"]
[Date "2019.08.23"]
[Round "7.20"]
[White "Kutschke, Jens"]
[Black "Stark, Ingo"]
[Result "1/2-1/2"]
[WhiteElo "1953"]
[BlackElo "2113"]
[PlyCount "45"]
[EventDate "2019.??.??"]
[WhiteTeam "SF 1903 Berlin"]
[BlackTeam "TSG Oberschöneweide"]

1. e4 c5 2. Nf3 d6 3. d4 cxd4 4. Nxd4 Nf6 5. Nc3 a6 6. Be3 Ng4 7. Qd2 Nxe3 8.
Qxe3 Nc6 9. O-O-O e6 10. Kb1 Be7 11. f4 Qc7 12. g4 O-O 13. h4 Nxd4 14. Qxd4 Qc5
15. Qxc5 dxc5 16. e5 Rd8 17. Rxd8+ Bxd8 18. Bg2 Rb8 19. g5 Kf8 20. Rd1 Be7 21.
Ne4 b6 22. Nd6 a5 23. Nxc8 1/2-1/2